Statistics for Worlds Highest Payed Soccer Players

Click here to take the quiz!

General Stats

  • This quiz has been taken 68 times
    (39 since last reset)
  • The average score is 9 of 10

Answer Stats

NPlayerClubNationalityWages (Weekly)Salary (Annually)% Correct
1Cristiano RonaldoAl-NassrPortoguese£3.6m£173m
100%
3Lionel MessiBarcelonaArgentine£960k£108m
100%
4NeymarPSGBrazilian£606k£50m
97%
6Erling HaalandManchester CityNorwegian£375k£35m
94%
2Kylian MbappePSGFrench£1m£115m
94%
5Mohamed SalahLiverpoolEgyptian£400k£47m
94%
7Robert LewandowskiBarcelonaPolish£298k£31m
91%
10Kevin De BruyneManchester CityBelgian£340k£26.5m
85%
8Eden HazardReal MadridBeglian£384k£28m
79%
9Andres IniestaVissel KobeSpanish£480k£27m
76%

Score Distribution

Percentile by Number Answered

Percent of People with Each Score

Your Score History

You have not taken this quiz since the last reset